| 000 | 00379nam a2200145Ia 4500 | ||
|---|---|---|---|
| 008 | 240307s9999||||xx |||||||||||||| ||und|| | ||
| 020 | _a9789354663338 | ||
| 082 |
_a610 _bRAJ/P |
||
| 100 | _aRaje, VN | ||
| 245 | 0 | _aPharmacognosy: (for First year diploma in Pharmacy) | |
| 250 | _a4th Edition | ||
| 260 |
_aNew Delhi _bCBS Pub. & Distributors |
||
| 300 | _a206p. | ||
| 942 | _cBK | ||
| 999 |
_c44044 _d44044 |
||